Cardiovascular diseases : nutritional and therapeutic interventions
Saved in:
| Other Authors: | |
|---|---|
| Format: | Book |
| Language: | English |
| Published: |
Boca Raton :
CRC Press,
c2013
|
| Subjects: | |
| Tags: |
Add Tag
No Tags, Be the first to tag this record!
|
MARC
| LEADER | 00000nam a2200000 i 4500 | ||
|---|---|---|---|
| 001 | 1/59332 | ||
| 008 | 141107s2013 eng d | ||
| 020 | |a 978-1-4398-8200-9 ((hbk)) | ||
| 035 | |l 10119678 | ||
| 040 | |a GR-MY-UA |b gre |e aacr | ||
| 041 | 0 | |a eng | |
| 082 | 0 | |a 616.1 |2 (23) | |
| 245 | 1 | 0 | |a Cardiovascular diseases : |b nutritional and therapeutic interventions / |c edited by Nilanjana Maulik |
| 260 | |a Boca Raton : |b CRC Press, |c c2013 | ||
| 300 | |a xxviii, 586 σ.; |b πίν., σχ.; |c 26 εκ. | ||
| 504 | |a Περιέχει βιβλιογραφικές παραπομπές και ευρετήριο | ||
| 650 | 0 | 0 | |a Cardiovascular Diseases |x therapy. |
| 650 | 0 | 0 | |a Diet therapy. |
| 700 | 1 | |a Maulik, Nilanjana. |4 edt | |
| 852 | |a INST |b LEMNOS |e 20141107 |h 616.1 CAR |p 005600001657 |q 005600001657 |t BK |y 0 | ||
| 901 | |a BIBL6-2014-3 | ||
| 909 | |a Μ |b 189104 | ||
| 922 | |a 6ΕΛΗ |b 201405 |c ΤΑΚ/ΤΕΤΔ |d ΔΙΑΔΡΟΜΕΣ | ||
| 970 | |a ΜΟΣΧΟΒΗ |b ΕΥΑΓΓΕΛΙΑ |z 2014/11/07 | ||